000 00975nam0a22002651 4500
001 rc\4982102
005 20250613061642.0
021 _aRU
_b[60-25592]
035 _a(NLR Aleph) 008982451
090 _a9194532
_c9194532
100 _a20130430d1960 |||y0rusy50 ca
101 0 _arus
102 _aRU
105 _aa z |||||
200 1 _aПервичная обработка атлантической сельди
_eПособие для рыбмастеров промысл. судов
_fБалт. рыбопром. трест Калинингр. совнархоза
210 _aКалининград
_cКн. изд-во
_d1960
215 _a80 с.
_cил.
_d23
606 _aСельди атлантические
_2psbo
606 _aСельди
_xОбработка
_2psbo
700 1 _aРулев
_bН.Н.
_gНиколай Нестерович
801 0 _aRU
_bNLR
_gpsbo
801 1 _aRU
_bELAR
_2rusmarc
852 _aNLR
_j60-6/2933
942 _cBOOK
980 _aNB